000 00297nam a22001337a 4500
008 190304b xxu||||| |||| 00| 0 eng d
020 _a9780393924954
041 _aeng
080 _a941
100 _a16
101 _aSHP
245 _aA History of Modern Europe
_cMerriman, J
942 _2udc
_cBK
999 _c54444
_d54444